5HLuxD.jpg

KING HENRY VIII SENIOR AND PRIMARY SCHOOL LIBRARY OPAC

Flygirl / (Record no. 550)

000 -LEADER
fixed length control field 00797nam a22002177a 4500
005 - DATE AND TIME OF LATEST TRANSACTION
control field 20190821113039.0
008 - FIXED-LENGTH DATA ELEMENTS--GENERAL INFORMATION
fixed length control field 190821b ||||| |||| 00| 0 eng d
020 ## - INTERNATIONAL STANDARD BOOK NUMBER
International Standard Book Number 9780142417256
040 ## - CATALOGING SOURCE
Transcribing agency KH8
082 ## - DEWEY DECIMAL CLASSIFICATION NUMBER
Classification number FIC SMI
100 ## - MAIN ENTRY--PERSONAL NAME
Personal name Smith, Sherri L
245 ## - TITLE STATEMENT
Title Flygirl /
Statement of responsibility, etc. Sherri L Smith
260 ## - PUBLICATION, DISTRIBUTION, ETC.
Place of publication, distribution, etc. New York:
Name of publisher, distributor, etc. Speak, an imprint of Penguin Group (USA) Inc.,
Date of publication, distribution, etc. 2010.
300 ## - PHYSICAL DESCRIPTION
Extent 278, 25 pages :
Other physical details illustration ;
Dimensions 21 cm.
500 ## - GENERAL NOTE
General note Reprint. Originally published: New York, New York : G.P. Putnam's Sons, ©2008.
650 ## - SUBJECT ADDED ENTRY--TOPICAL TERM
Topical term or geographic name entry element Women Airforce Service Pilots (U.S.)
Form subdivision Juvenile fiction.
650 ## - SUBJECT ADDED ENTRY--TOPICAL TERM
Topical term or geographic name entry element World War, 1939-1945
Form subdivision Participation, Female
General subdivision Juvenile fiction.
650 ## - SUBJECT ADDED ENTRY--TOPICAL TERM
Topical term or geographic name entry element Women Airforce Service Pilots (U.S.)
650 ## - SUBJECT ADDED ENTRY--TOPICAL TERM
Topical term or geographic name entry element Military participation
Form subdivision Female.
942 ## - ADDED ENTRY ELEMENTS (KOHA)
Source of classification or shelving scheme
Koha item type Books - Fiction
Holdings
Withdrawn status Lost status Source of classification or shelving scheme Damaged status Not for loan Collection code Permanent Location Current Location Shelving location Date acquired Total Checkouts Full call number Barcode Date last seen Date last checked out Price effective from Koha item type
          Fiction KH8 Senior School Library KH8 Senior School Library Fiction 2019-08-21 1 FIC SMI 3KHSL000101041 2024-07-22 2022-09-13 2019-08-21 Books - Fiction

Powered By KH8 IT Dept